000 00609nam a2200241 i 4500
001 C2-0290559
003 PPAK
005 20180728023027.0
008 081009s2007 cc |||| ||||| | chi d
020 _a7543630753
040 _aPPAK
_beng
_cPPAK
_erda
082 0 4 _a658
_223
090 0 0 _a658
_bXIA
_dG
100 1 _aXiang, Hong,
_eauthor
245 1 0 _aHa fu guan li
264 1 _aBeijing :
_bQing dao chu ban she ,
_c2007
300 _a377 pages ;
_c24 cm
336 _2rdacontent
_atext
337 _2rdamedia
_aunmediated
338 _2rdacarrier
_avolume
650 1 0 _aManagement
942 _ddc
_cB
999 _c95786
_d95786